[Event "MP Reykjavik Open 2011"]
[Site "Reykjavik ISL"]
[Date "2011.03.14"]
[Round "7.57"]
[White "Huguet, Sergio"]
[Black "Reppen, Ellisiv"]
[Result "1-0"]
[WhiteElo "2140"]
[BlackElo "1963"]
[PlyCount "111"]
[EventDate "2011.03.09"]
[EventType "swiss"]
[EventRounds "9"]
[EventCountry "ISL"]
[Source "lmi"]
[SourceDate "2011.03.09"]

1. d4 Nf6 2. e3 d5 3. Bd3 g6 4. f4 Bg7 5. Nf3 O-O 6. O-O c5 7. c3 b6 8. Qe2 Bb7
9. Ne5 Nc6 10. Nd2 e6 11. Ndf3 Qc7 12. g4 Nxe5 13. Nxe5 Nd7 14. g5 Nxe5 15.
fxe5 Qe7 16. Qg4 h5 17. gxh6 Bxh6 18. h4 Kh8 19. Rf6 Bg7 20. Rf2 Bh6 21. Kf1 f5
22. Qxg6 Qxh4 23. Qxe6 Rae8 24. Qg6 Bc8 25. Bd2 Re6 26. Qg1 Rg8 27. Qh2 Qxh2
28. Rxh2 Reg6 29. Kf2 Kg7 30. Rg1 Kf7 31. Rhg2 Rxg2+ 32. Rxg2 Rxg2+ 33. Kxg2
cxd4 34. cxd4 Ke6 35. Kf3 Bd7 36. Be1 Be8 37. Bg3 Bh5+ 38. Kf2 Bg4 39. Bf4 Bf8
40. Bg5 Bb4 41. Kg3 a5 42. Bd8 Be1+ 43. Kf4 Bd2 44. Bxb6 a4 45. Bc2 Bc1 46.
Bxa4 Bxb2 47. Bc2 Ba3 48. Bd3 Bf8 49. Bd8 Ba3 50. Ba6 Kd7 51. Bg5 Bc1 52. Bb7
Ke6 53. Bc8+ Kf7 54. Bxf5 Bh5 55. e6+ Kf8 56. Ke5 1-0

[Event "MP Reykjavik Open 2011"]
[Site "Reykjavik ISL"]
[Date "2011.03.14"]
[Round "7.58"]
[White "Thorsteinsson, Erlingur"]
[Black "Erikstad, Olav"]
[Result "1-0"]
[WhiteElo "2110"]
[BlackElo "1829"]
[PlyCount "90"]
[EventDate "2011.03.09"]
[EventType "swiss"]
[EventRounds "9"]
[EventCountry "ISL"]
[Source "lmi"]
[SourceDate "2011.03.09"]

1. Nf3 Nf6 2. b3 d5 3. Bb2 Bf5 4. e3 e6 5. Be2 Nbd7 6. d3 Bd6 7. Nbd2 Qe7 8.
Nd4 h5 9. Nb5 Be5 10. Ba3 c5 11. d4 Bd6 12. Nxd6+ Qxd6 13. dxc5 Nxc5 14. Bb5+
Kf8 15. O-O Kg8 16. Be2 Ng4 17. g3 Qc7 18. Bb2 Nd7 19. c4 Ndf6 20. cxd5 exd5
21. Rc1 Qb8 22. Nf3 h4 23. Bxf6 hxg3 24. hxg3 Nxf6 25. Re1 Be4 26. Bf1 Ng4 27.
Bg2 Qd6 28. Ng5 Bxg2 29. Qxg4 Be4 30. Nxe4 dxe4 31. Qxe4 Qh6 32. Qxb7 Qh2+ 33.
Kf1 Rd8 34. Rc4 Qh3+ 35. Qg2 Qf5 36. Kg1 Rd2 37. Rec1 Rh6 38. g4 Qd7 39. Qa8+
Kh7 40. Qe4+ g6 41. Rc7 Rd1+ 42. Kg2 Qd8 43. Rxf7+ Kg8 44. Rxd1 Rh2+ 45. Kxh2
Qh4+ 1-0

[Event "MP Reykjavik Open 2011"]
[Site "Reykjavik ISL"]
[Date "2011.03.14"]
[Round "7.59"]
[White "Kristinsson, Ogmundur"]
[Black "Lee, Kai Jie Edward"]
[Result "1-0"]
[WhiteElo "2099"]
[BlackElo "1913"]
[PlyCount "157"]
[EventDate "2011.03.09"]
[EventType "swiss"]
[EventRounds "9"]
[EventCountry "ISL"]
[Source "lmi"]
[SourceDate "2011.03.09"]

1. b3 e5 2. Bb2 Nc6 3. e4 Nf6 4. Nc3 Be7 5. Nf3 O-O 6. Be2 d6 7. d4 Bg4 8. d5
Nb8 9. h3 Bh5 10. Qd2 Nbd7 11. Qe3 Bg6 12. Nd2 Nh5 13. Bxh5 Bxh5 14. g4 Bg5 15.
Qf3 Bg6 16. Nf1 Qf6 17. Qg2 Bh4 18. Bc1 h6 19. Ng3 c6 20. Be3 Rac8 21. O-O-O
Qd8 22. Nf5 Qa5 23. Kb2 Bxf5 24. gxf5 Kh7 25. Rd3 cxd5 26. Rg1 Rg8 27. Nxd5 Nc5
28. Rdd1 Qb4 29. c4 Na4+ 30. Kc2 Nb6 31. Bxb6 axb6 32. f3 Qc5 33. Nc3 Bf2 34.
Na4 Qe3 35. Rgf1 b5 36. Nc3 bxc4 37. b4 Bh4 38. Qg1 Qxg1 39. Rxg1 Rgd8 40. Rd5
Kg8 41. Rgd1 Be7 42. Nb5 Rc6 43. Nc3 g5 44. Rb5 Rb8 45. Nd5 Bd8 46. a4 Kf8 47.
a5 Ke8 48. Ne3 h5 49. Rbd5 Ra8 50. Rxd6 Be7 51. Rxc6 bxc6 52. Kc3 c5 53. Nxc4
cxb4+ 54. Kb3 f6 55. Ka4 Rb8 56. Nb6 b3 57. Kxb3 Bc5 58. Kc4 Bxb6 59. axb6 Rxb6
60. Kc5 Rb3 61. Rd6 Rxf3 62. Rxf6 Rxh3 63. Rg6 Rg3 64. Kd5 Kf7 65. Rh6 h4 66.
Kxe5 Ra3 67. Rh7+ Kf8 68. Rh5 Rg3 69. Kf6 Ke8 70. e5 Kd7 71. Rh7+ Kc6 72. e6 h3
73. e7 Kd7 74. Rh8 Re3 75. Rd8+ Kc7 76. e8=Q Rxe8 77. Rxe8 g4 78. Rh8 Kd6 79.
Kg5 1-0

[Event "MP Reykjavik Open 2011"]
[Site "Reykjavik ISL"]
[Date "2011.03.14"]
[Round "7.60"]
[White "Johannsson, Orn Leo"]
[Black "Schwenke, Markus"]
[Result "1-0"]
[WhiteElo "1859"]
[BlackElo "2098"]
[PlyCount "185"]
[EventDate "2011.03.09"]
[EventType "swiss"]
[EventRounds "9"]
[EventCountry "ISL"]
[Source "lmi"]
[SourceDate "2011.03.09"]

1. d4 Nf6 2. Nf3 e6 3. e3 b6 4. Bd3 Bb7 5. b3 g6 6. Bb2 Bg7 7. Nbd2 O-O 8. O-O
c5 9. c4 d5 10. Ne5 Nbd7 11. f4 Rc8 12. Qe2 Qe7 13. Rfd1 Rfd8 14. Ba3 Qe8 15.
Ndf3 Ne4 16. Bxe4 dxe4 17. Ne1 Bf8 18. Nc2 f6 19. Nxd7 Rxd7 20. Rd2 Rcd8 21.
Rad1 a6 22. Bb2 Qf7 23. dxc5 Rxd2 24. Rxd2 Rxd2 25. Qxd2 bxc5 26. Qd8 Qe7 27.
Bxf6 Qxd8 28. Bxd8 Kf7 29. Bc7 Ke7 30. Be5 Bc6 31. Kf2 Kd7 32. Kg3 Be7 33. Kh3
Bd8 34. Bc3 Be7 35. g4 Bf8 36. Kg3 Be7 37. Na3 Bf8 38. Nb1 Be7 39. Nd2 Bd8 40.
h4 Be7 41. h5 Bf8 42. hxg6 hxg6 43. Bf6 Ke8 44. Kh4 Kf7 45. Kg5 Bd6 46. Be5
Be7+ 47. Kh6 Bf8+ 48. Kh7 Be7 49. g5 Bb7 50. Nf1 Bc6 51. Nh2 a5 52. a4 Bf8 53.
Ng4 Be8 54. Bc3 Bd6 55. Nh6+ Kf8 56. Bxa5 e5 57. Bd2 exf4 58. exf4 Bc7 59. Be3
Bd6 60. f5 gxf5 61. Nxf5 Be5 62. g6 Bd7 63. g7+ Bxg7 64. Bxc5+ Kf7 65. Nxg7 Kf6
66. Be3 Ke5 67. Kg6 Bg4 68. a5 Kd6 69. a6 Kc6 70. a7 Kb7 71. Kf6 Bd1 72. b4 Bb3
73. Ke5 Bxc4 74. Kxe4 Be2 75. Bc5 Bb5 76. Nf5 Bd7 77. Nd6+ Ka8 78. Kd5 Bc6+ 79.
Ke6 Bd5+ 80. Kd7 Bc6+ 81. Kd8 Bd7 82. Kc7 Be8 83. Kb6 Bc6 84. Nb5 Bxb5 85. Kxb5
Kb7 86. Bf8 Ka8 87. Kc6 Kxa7 88. b5 Ka8 89. Bd6 Ka7 90. b6+ Ka8 91. b7+ Ka7 92.
b8=Q+ Ka6 93. Qb3 1-0

[Event "MP Reykjavik Open 2011"]
[Site "Reykjavik ISL"]
[Date "2011.03.14"]
[Round "7.61"]
[White "Finnbogadottir, Tinna Kristin"]
[Black "Steil-Antoni, Fiona"]
[Result "0-1"]
[WhiteElo "1791"]
[BlackElo "2117"]
[PlyCount "121"]
[EventDate "2011.03.09"]
[EventType "swiss"]
[EventRounds "9"]
[EventCountry "ISL"]
[Source "lmi"]
[SourceDate "2011.03.09"]

1. e4 e5 2. Nf3 Nc6 3. Bc4 Nf6 4. d3 Bc5 5. c3 d6 6. b4 Bb6 7. a4 a6 8. a5 Ba7
9. O-O h6 10. Be3 O-O 11. Nbd2 Ne7 12. Bxa7 Rxa7 13. h3 Ng6 14. d4 Qe7 15. Qc2
Nh5 16. Rfe1 Nhf4 17. Bf1 Qf6 18. dxe5 dxe5 19. Kh2 Ra8 20. g3 Ne6 21. Bg2 Bd7
22. Nc4 Rad8 23. Ne3 Ng5 24. Nxg5 hxg5 25. Nd5 Qc6 26. Qd2 Be6 27. Qxg5 Bxd5
28. exd5 Qxc3 29. h4 Rfe8 30. h5 Nf8 31. h6 Ng6 32. Be4 Rd6 33. h7+ Kh8 34.
Rab1 Qd4 35. Kg2 Nf8 36. f3 Rh6 37. Qc1 c6 38. Rd1 Qa7 39. dxc6 bxc6 40. Qc4
Nxh7 41. Qc3 Ng5 42. Rh1 Nxe4 43. Rxh6+ gxh6 44. fxe4 Re6 45. Rd1 Kg7 46. Qc5
Qe7 47. Qb6 Rg6 48. Qc5 Qg5 49. Rd3 h5 50. Qf2 h4 51. Qf5 Qxf5 52. exf5 Rxg3+
53. Rxg3+ hxg3 54. Kxg3 Kf6 55. Kg4 Ke7 56. Kf3 Kd6 57. Kg4 f6 58. Kf3 Kd5 59.
Ke3 Kc4 60. Kf3 Kxb4 61. Ke4 0-1

[Event "MP Reykjavik Open 2011"]
[Site "Reykjavik ISL"]
[Date "2011.03.14"]
[Round "7.62"]
[White "Duchrow, Oliver"]
[Black "Johannsdottir, Johanna Bjorg"]
[Result "1-0"]
[WhiteElo "2165"]
[BlackElo "1795"]
[PlyCount "85"]
[EventDate "2011.03.09"]
[EventType "swiss"]
[EventRounds "9"]
[EventCountry "ISL"]
[Source "lmi"]
[SourceDate "2011.03.09"]

1. e4 c5 2. Nf3 e6 3. d4 cxd4 4. Nxd4 a6 5. Bd3 Nf6 6. O-O Qc7 7. Qe2 d6 8. c4
g6 9. Nc3 Bg7 10. Be3 Nbd7 11. Nf3 O-O 12. Rac1 b6 13. Rfd1 Bb7 14. Nd2 Rac8
15. f3 Qb8 16. Bc2 Rfe8 17. Ba4 Rcd8 18. Qf2 Ba8 19. e5 dxe5 20. Nde4 Bxe4 21.
Nxe4 Nxe4 22. fxe4 b5 23. cxb5 axb5 24. Bb3 Qb7 25. Qh4 Rc8 26. Rxc8 Qxc8 27.
a4 Qc6 28. a5 Nf6 29. Rc1 Qa8 30. Qe1 Qxe4 31. a6 Ng4 32. Bb6 Qf4 33. g3 Qf3
34. Bd1 Qf5 35. Bc2 Qh5 36. Qe2 Ra8 37. a7 f5 38. Bb3 Qg5 39. Bxe6+ Kh8 40. Rc6
Nf6 41. Qc2 Rxa7 42. Rc8+ Bf8 43. Bxa7 1-0

[Event "MP Reykjavik Open 2011"]
[Site "Reykjavik ISL"]
[Date "2011.03.14"]
[Round "7.63"]
[White "Schaefer, Reyk"]
[Black "Hauksson, Hordur Aron"]
[Result "1-0"]
[WhiteElo "2133"]
[BlackElo "1719"]
[PlyCount "117"]
[EventDate "2011.03.09"]
[EventType "swiss"]
[EventRounds "9"]
[EventCountry "ISL"]
[Source "lmi"]
[SourceDate "2011.03.09"]

1. d4 Nf6 2. Nf3 e6 3. g3 b5 4. Bg2 Bb7 5. O-O Be7 6. a4 b4 7. c4 c5 8. d5 exd5
9. Nh4 O-O 10. cxd5 d6 11. Nf5 Re8 12. Nxe7+ Qxe7 13. Re1 Nbd7 14. a5 Ba6 15.
e4 Rac8 16. Bf4 c4 17. Nd2 Nc5 18. Bf1 c3 19. bxc3 bxc3 20. Nb3 Bxf1 21. Kxf1
Qd7 22. Nxc5 Rxc5 23. Qf3 Rc4 24. e5 dxe5 25. Bxe5 Qh3+ 26. Qg2 Qxg2+ 27. Kxg2
Rd8 28. d6 Nd5 29. Rac1 f6 30. Red1 Ne3+ 31. fxe3 fxe5 32. Rd3 c2 33. Rd2 a6
34. d7 Kf7 35. Rcxc2 Rxc2 36. Rxc2 Ke7 37. Rc6 Rxd7 38. Rxa6 e4 39. g4 Rd3 40.
Kf2 Ra3 41. g5 g6 42. h4 Kd7 43. Ra7+ Ke6 44. Rxh7 Rxa5 45. Rg7 Kf5 46. Rf7+
Ke5 47. Rf6 Ra2+ 48. Kg3 Ra3 49. Rxg6 Rxe3+ 50. Kg4 Re1 51. Rg8 Rg1+ 52. Kh5 e3
53. Re8+ Kf4 54. g6 Kf5 55. Rxe3 Kf6 56. Ra3 Kg7 57. Ra7+ Kf8 58. Kh6 Rg4 59.
h5 1-0

[Event "MP Reykjavik Open 2011"]
[Site "Reykjavik ISL"]
[Date "2011.03.14"]
[Round "7.64"]
[White "Kristinsson, Bjarni Jens"]
[Black "Kristinardottir, Elsa Maria"]
[Result "1-0"]
[WhiteElo "2039"]
[BlackElo "1702"]
[PlyCount "41"]
[EventDate "2011.03.09"]
[EventType "swiss"]
[EventRounds "9"]
[EventCountry "ISL"]
[Source "lmi"]
[SourceDate "2011.03.09"]

1. d4 d5 2. c4 c6 3. Nc3 Nf6 4. e3 e6 5. Nf3 Nbd7 6. b3 Bb4 7. Bd2 O-O 8. Bd3
Re8 9. O-O dxc4 10. Bxc4 b5 11. Be2 e5 12. Qc2 e4 13. Nxe4 Bxd2 14. Nfxd2 Qb6
15. Rfc1 Nxe4 16. Nxe4 Re6 17. Bf3 Bb7 18. Ng5 Rg6 19. Qf5 Nf6 20. Rc5 h6 21.
Nxf7 1-0

[Event "MP Reykjavik Open 2011"]
[Site "Reykjavik ISL"]
[Date "2011.03.14"]
[Round "7.65"]
[White "Antonsson, Atli"]
[Black "Brynjarsson, Helgi"]
[Result "1-0"]
[WhiteElo "1830"]
[BlackElo "2008"]
[PlyCount "160"]
[EventDate "2011.03.09"]
[EventType "swiss"]
[EventRounds "9"]
[EventCountry "ISL"]
[Source "lmi"]
[SourceDate "2011.03.09"]

1. d4 d5 2. c4 e6 3. Nf3 Nf6 4. e3 Nbd7 5. b3 c6 6. Bb2 Bd6 7. Bd3 Ne4 8. O-O
f5 9. Ba3 Bxa3 10. Nxa3 b6 11. Ne5 Nxe5 12. dxe5 Qe7 13. Nc2 O-O 14. cxd5 cxd5
15. f4 Nc5 16. Nd4 Bd7 17. Bb5 Bxb5 18. Nxb5 Ne4 19. Rc1 Rfc8 20. Qe2 Rc5 21.
Nd4 Rac8 22. Rce1 a5 23. Qa6 Nd2 24. Rf2 Rc1 25. Rfe2 Kf7 26. Qxb6 a4 27. g3
axb3 28. axb3 h5 29. Kg2 Ne4 30. Rxc1 Rxc1 31. Ra2 Rc7 32. Ra6 Nc5 33. Ra5 Ne4
34. Nc6 Qd7 35. Ra7 Rxa7 36. Qxa7 Qxa7 37. Nxa7 Nd2 38. b4 Nc4 39. Kf2 Ke7 40.
Nb5 Nb2 41. Ke2 Kd7 42. Nd4 g6 43. Kf3 Nc4 44. h3 Nd2+ 45. Ke2 Ne4 46. Kf3 Nd2+
47. Kg2 Nc4 48. Ne2 Kc6 49. Kf2 Nd2 50. Nd4+ Kd7 51. b5 Ne4+ 52. Kg2 Nc5 53.
Nf3 Kc7 54. Nh4 Kb6 55. Nxg6 Kxb5 56. Ne7 Kc4 57. Kf3 Kd3 58. Nc6 Ne4 59. Nd8
Nc5 60. Nc6 Ne4 61. Nd8 Nc5 62. Nf7 Ne4 63. Ng5 Nc5 64. h4 Kd2 65. Nh7 Nd3 66.
Nf6 Ne1+ 67. Kf2 Nd3+ 68. Kg2 Kxe3 69. Nxd5+ Kd4 70. Nf6 Nxe5 71. fxe5 Kxe5 72.
Nxh5 Ke4 73. Nf6+ Ke5 74. Nd7+ Kd6 75. h5 Ke7 76. h6 Kf7 77. Ne5+ Kg8 78. Kf3
Kh7 79. Nf7 Kg6 80. Ng5 Kxh6 1-0

[Event "MP Reykjavik Open 2011"]
[Site "Reykjavik ISL"]
[Date "2011.03.14"]
[Round "7.66"]
[White "Keetbaas, Herman"]
[Black "Gates, David A"]
[Result "1-0"]
[WhiteElo "1991"]
[BlackElo "1698"]
[PlyCount "103"]
[EventDate "2011.03.09"]
[EventType "swiss"]
[EventRounds "9"]
[EventCountry "ISL"]
[Source "lmi"]
[SourceDate "2011.03.09"]

1. e4 c6 2. d4 d5 3. Nc3 dxe4 4. Nxe4 Bf5 5. Ng3 Bg6 6. Nf3 Nd7 7. h4 h6 8. h5
Bh7 9. Bd3 Bxd3 10. Qxd3 e6 11. Bd2 Ngf6 12. c4 Bd6 13. Ne4 Nxe4 14. Qxe4 Nf6
15. Qe2 Qe7 16. O-O-O O-O-O 17. Kb1 Rhe8 18. Ne5 Nd7 19. Ba5 Bc7 20. Bxc7 Kxc7
21. Nxd7 Kxd7 22. Rh3 Kc8 23. Rb3 Qf6 24. Rf3 Qe7 25. Re3 Qg5 26. g3 Rd6 27.
Re5 Qf6 28. Rd3 Red8 29. Qe3 g5 30. Kc2 Kb8 31. b4 R8d7 32. a4 Qd8 33. Kc3 a6
34. f4 gxf4 35. Qxf4 f6 36. Rxe6 Ka8 37. Rxd6 Rxd6 38. Qxh6 a5 39. b5 cxb5 40.
axb5 Qc7 41. c5 b6 42. c6 Qf7 43. Qh8+ Ka7 44. Qc8 a4 45. Qa6+ Kb8 46. Qxb6+
Kc8 47. Qa6+ Kb8 48. Qxa4 Qc7 49. Re3 Rd8 50. h6 Rg8 51. h7 Qxh7 52. b6 1-0

[Event "MP Reykjavik Open 2011"]
[Site "Reykjavik ISL"]
[Date "2011.03.14"]
[Round "7.67"]
[White "Van Dongen, Leo"]
[Black "Andersen, Daniel"]
[Result "0-1"]
[WhiteElo "1828"]
[BlackElo "1983"]
[PlyCount "65"]
[EventDate "2011.03.09"]
[EventType "swiss"]
[EventRounds "9"]
[EventCountry "ISL"]
[Source "lmi"]
[SourceDate "2011.03.09"]

1. e4 e6 2. d3 c5 3. g3 Nc6 4. Bg2 g6 5. Be3 Bg7 6. Nc3 Nd4 7. Rb1 Ne7 8. Qd2
Nec6 9. Nce2 d5 10. c3 Nxe2 11. Nxe2 d4 12. cxd4 cxd4 13. Bh6 Bxh6 14. Qxh6
Qa5+ 15. Qd2 Qxa2 16. O-O O-O 17. f4 f6 18. Qc2 Qa5 19. Ra1 Qb6 20. Ra3 e5 21.
fxe5 Nxe5 22. Nf4 Be6 23. Qf2 Ng4 24. Qe2 Ne3 25. Rf2 Rfc8 26. Ra1 Rc2 27. Qe1
Rac8 28. Bh3 Bxh3 29. Nxh3 Rxb2 30. Rxb2 Qxb2 31. Nf4 g5 32. Rb1 Qc2 33. Ne2
0-1

[Event "MP Reykjavik Open 2011"]
[Site "Reykjavik ISL"]
[Date "2011.03.14"]
[Round "7.68"]
[White "Fridthjofsdottir, Sigurl  Regin"]
[Black "Plug, Arjan"]
[Result "1-0"]
[WhiteElo "1808"]
[BlackElo "1965"]
[PlyCount "69"]
[EventDate "2011.03.09"]
[EventType "swiss"]
[EventRounds "9"]
[EventCountry "ISL"]
[Source "lmi"]
[SourceDate "2011.03.09"]

1. e4 e6 2. d3 d5 3. Nd2 dxe4 4. dxe4 Bc5 5. Ngf3 Nc6 6. g3 Nf6 7. Bg2 O-O 8.
O-O e5 9. c3 Bg4 10. Qc2 Qe7 11. b4 Bd6 12. Nc4 b5 13. Nxd6 cxd6 14. Be3 Rac8
15. Qb1 Be6 16. h3 Nd7 17. Rd1 f5 18. Ng5 f4 19. Nxe6 Qxe6 20. Bd2 Qg6 21. Kh2
fxg3+ 22. fxg3 Nf6 23. Be1 Nh5 24. Qd3 Rf6 25. Qxb5 Nd4 26. cxd4 Rc2 27. Qd5+
Rf7 28. Qb3 Rxg2+ 29. Kxg2 Qxe4+ 30. Kg1 Qe2 31. Rd2 Qf1+ 32. Kh2 Kh8 33. Rc1
h6 34. Rc8+ Kh7 35. Qd3+ 1-0

[Event "MP Reykjavik Open 2011"]
[Site "Reykjavik ISL"]
[Date "2011.03.14"]
[Round "7.69"]
[White "Hreinsson, Kristjan"]
[Black "Knudsen, Jes West"]
[Result "1-0"]
[WhiteElo "1792"]
[BlackElo "1945"]
[PlyCount "49"]
[EventDate "2011.03.09"]
[EventType "swiss"]
[EventRounds "9"]
[EventCountry "ISL"]
[Source "lmi"]
[SourceDate "2011.03.09"]

1. e4 c5 2. f4 d5 3. e5 Nc6 4. Nf3 Bg4 5. Be2 e6 6. Nc3 Nh6 7. b3 Nf5 8. O-O h5
9. Ng5 Bxe2 10. Qxe2 Ncd4 11. Qd1 c4 12. Ne2 Bc5 13. Kh1 h4 14. Nxd4 Bxd4 15.
c3 Bc5 16. b4 Bb6 17. d4 cxd3 18. Qxd3 Ng3+ 19. hxg3 hxg3+ 20. Nh3 Rxh3+ 21.
gxh3 Qh4 22. Kg2 Bf2 23. Be3 O-O-O 24. Bxf2 gxf2 25. Rxf2 1-0

[Event "MP Reykjavik Open 2011"]
[Site "Reykjavik ISL"]
[Date "2011.03.14"]
[Round "7.70"]
[White "Klein, Gernot"]
[Black "Sigurdarson, Emil"]
[Result "0-1"]
[WhiteElo "1924"]
[BlackElo "1694"]
[PlyCount "96"]
[EventDate "2011.03.09"]
[EventType "swiss"]
[EventRounds "9"]
[EventCountry "ISL"]
[Source "lmi"]
[SourceDate "2011.03.09"]

1. e4 c5 2. Nf3 d6 3. d4 cxd4 4. Nxd4 Nf6 5. Nc3 g6 6. Be3 Bg7 7. f3 O-O 8. Qd2
Nc6 9. Bc4 Bd7 10. h4 h5 11. O-O-O Rc8 12. Bb3 Ne5 13. Kb1 Nc4 14. Bxc4 Rxc4
15. b3 Rc8 16. Bg5 Nh7 17. Nd5 Nxg5 18. Qxg5 Re8 19. g4 e5 20. Qxd8 Rcxd8 21.
Ne2 hxg4 22. Ng3 gxf3 23. h5 Bh8 24. Nc7 Rf8 25. Rxd6 Bg4 26. Rxd8 Rxd8 27. Nd5
g5 28. h6 Kh7 29. c4 Rd6 30. Ne3 Bc8 31. Nef5 Bxf5 32. Nxf5 Rf6 33. Kc2 Rxf5
34. exf5 e4 35. Rd1 g4 36. Kd2 Bd4 37. Ke1 Bb6 38. b4 e3 39. c5 Bc7 40. Rd6 g3
41. Rd7 g2 42. Rxf7+ Kxh6 43. Rf6+ Kh5 44. Rg6 f2+ 45. Ke2 f1=Q+ 46. Kxe3 g1=Q+
47. Rxg1 Qxg1+ 48. Ke4 Qg2+ 0-1

[Event "MP Reykjavik Open 2011"]
[Site "Reykjavik ISL"]
[Date "2011.03.14"]
[Round "7.72"]
[White "Johannesson, Oliver"]
[Black "Rutten, David"]
[Result "1-0"]
[WhiteElo "1554"]
[BlackElo "1880"]
[PlyCount "62"]
[EventDate "2011.03.09"]
[EventType "swiss"]
[EventRounds "9"]
[EventCountry "ISL"]
[Source "lmi"]
[SourceDate "2011.03.09"]

1. e4 c5 2. Nf3 Nc6 3. c3 d5 4. exd5 Qxd5 5. d4 cxd4 6. cxd4 e5 7. dxe5 Qxd1+
8. Kxd1 Bg4 9. Be2 O-O-O+ 10. Bd2 Bc5 11. Ng5 Nh6 12. Ne4 Bb4 13. a3 Bxd2 14.
Nbxd2 Nxe5 15. f3 Be6 16. Nc5 Bd5 17. Rc1 Kb8 18. Ke1 Rhe8 19. Kf2 Nf5 20. Rhd1
Nc6 21. Nde4 Nfd4 22. Bf1 f5 23. Nc3 Bf7 24. Nb5 g5 25. Re1 g4 26. Rxe8 Bxe8
27. Nxd4 Rxd4 28. Nd3 h5 29. Ke3 Ra4 30. Rc5 Bd7 31. Rd5 Kc7 1-0

[Event "MP Reykjavik Open 2011"]
[Site "Reykjavik ISL"]
[Date "2011.03.14"]
[Round "7.74"]
[White "Jonsson, Olafur Gisli"]
[Black "Sigurdsson, Birkir Karl"]
[Result "1/2-1/2"]
[WhiteElo "1842"]
[BlackElo "1481"]
[PlyCount "78"]
[EventDate "2011.03.09"]
[EventType "swiss"]
[EventRounds "9"]
[EventCountry "ISL"]
[Source "lmi"]
[SourceDate "2011.03.09"]

1. d4 Nf6 2. Nf3 e6 3. e3 d5 4. Bd3 c5 5. b3 cxd4 6. exd4 Nc6 7. O-O Be7 8.
Nbd2 O-O 9. Bb2 Bd7 10. a3 Rc8 11. Ne5 Bd6 12. f4 Ne7 13. Rf3 Ng6 14. Qe2 a6
15. Raf1 Re8 16. Rh3 Bb5 17. c4 dxc4 18. bxc4 Bc6 19. Qf2 Be7 20. g4 Nd7 21.
Nxf7 Kxf7 22. f5 exf5 23. Qxf5+ Nf6 24. Rxh7 Nf8 25. d5 Bc5+ 26. Kh1 N8xh7 27.
Qxh7 Bxd5+ 28. cxd5 Qxd5+ 29. Be4 Rxe4 30. Nxe4 Re8 31. Rxf6+ Ke7 32. Qf5 Qd1+
33. Qf1 Qd5 34. Qf5 Qd1+ 35. Kg2 Qg1+ 36. Kf3 Qe3+ 37. Kg2 Qg1+ 38. Kf3 Qe3+
39. Kg2 Qg1+ 1/2-1/2

[Event "MP Reykjavik Open 2011"]
[Site "Reykjavik ISL"]
[Date "2011.03.14"]
[Round "7.76"]
[White "Ingason, Sigurdur"]
[Black "Helgadottir, Sigridur Bjorg"]
[Result "1-0"]
[WhiteElo "1918"]
[BlackElo "1712"]
[PlyCount "73"]
[EventDate "2011.03.09"]
[EventType "swiss"]
[EventRounds "9"]
[EventCountry "ISL"]
[Source "lmi"]
[SourceDate "2011.03.09"]

1. d4 Nf6 2. Nf3 g6 3. Nc3 d5 4. Bf4 Bg7 5. e3 O-O 6. Be2 Nbd7 7. Ne5 e6 8. Qd2
c5 9. Nxd7 Qxd7 10. dxc5 a6 11. O-O-O Qc6 12. Bd6 Re8 13. g4 b6 14. g5 Nd7 15.
Bf3 bxc5 16. Nxd5 exd5 17. Bxd5 Qb6 18. c3 Ra7 19. Bb3 Bb7 20. Rhg1 Bf3 21.
Rde1 a5 22. e4 Rxe4 23. Bxf7+ Kh8 24. Rxe4 Bxe4 25. Re1 Qc6 26. f3 Nf8 27. Bxf8
Bxf8 28. Qf4 Kg7 29. Bc4 Qd6 30. Rxe4 Qxf4+ 31. Rxf4 Bd6 32. Rh4 Re7 33. Kd2
Re5 34. Rg4 Rf5 35. Ke2 Bxh2 36. Bd3 Bd6 37. Bxf5 1-0

[Event "MP Reykjavik Open 2011"]
[Site "Reykjavik ISL"]
[Date "2011.03.14"]
[Round "7.78"]
[White "Frijling, Jeroen"]
[Black "Leosson, Atli Johann"]
[Result "0-1"]
[WhiteElo "1874"]
[BlackElo "1685"]
[PlyCount "54"]
[EventDate "2011.03.09"]
[EventType "swiss"]
[EventRounds "9"]
[EventCountry "ISL"]
[Source "lmi"]
[SourceDate "2011.03.09"]

1. d4 d5 2. c4 c6 3. Nf3 Nf6 4. Nc3 g6 5. Bf4 Bg7 6. e3 O-O 7. Bd3 Nbd7 8. h3
dxc4 9. Bxc4 Nb6 10. Bd3 Nbd5 11. Bh2 Qa5 12. Rc1 Nxc3 13. Qd2 Qxa2 14. Rxc3
Qa5 15. e4 Be6 16. O-O Qd8 17. Be5 Qd7 18. d5 cxd5 19. Rc7 Qd8 20. exd5 Bxd5
21. Rd1 Bxf3 22. gxf3 Qd5 23. Rxe7 Qxf3 24. Bf1 Ne4 25. Qd4 Bxe5 26. Rxe5 Nxf2
27. Re3 Qxd1 0-1

[Event "MP Reykjavik Open 2011"]
[Site "Reykjavik ISL"]
[Date "2011.03.14"]
[Round "7.79"]
[White "Johannesson, Kristofer Joel"]
[Black "Andrason, Pall"]
[Result "1/2-1/2"]
[WhiteElo "1437"]
[BlackElo "1683"]
[PlyCount "110"]
[EventDate "2011.03.09"]
[EventType "swiss"]
[EventRounds "9"]
[EventCountry "ISL"]
[Source "lmi"]
[SourceDate "2011.03.09"]

1. Nf3 e6 2. d4 f5 3. Bg5 Be7 4. Bxe7 Qxe7 5. c4 Nf6 6. e3 Ne4 7. Nbd2 O-O 8.
Bd3 d5 9. Ne5 c6 10. a3 Nd7 11. f4 Qh4+ 12. g3 Nxg3 13. Ndf3 Qh6 14. Rg1 Nxe5
15. dxe5 Ne4 16. Qe2 Bd7 17. Qg2 b5 18. cxd5 cxd5 19. Rc1 Rac8 20. Rxc8 Rxc8
21. Ke2 g6 22. h4 Qh5 23. Rd1 Rc5 24. Qh3 Rc7 25. Qg2 a6 26. Qh3 Rc6 27. Rb1
Nc5 28. Qg3 Nxd3 29. Kxd3 a5 30. Nd4 Rc8 31. Kd2 Kf7 32. Rc1 Rxc1 33. Kxc1 Qh6
34. Nb3 Qf8 35. Qg5 Ke8 36. Kd2 a4 37. Nd4 b4 38. h5 bxa3 39. bxa3 Qxa3 40.
hxg6 Qb2+ 41. Nc2 hxg6 42. Qxg6+ Kd8 43. Qf6+ Kc7 44. Qe7 Qb6 45. Nd4 Kc8 46.
Qf8+ Kb7 47. Qe7 Qc7 48. Qb4+ Ka6 49. Nc2 Qa5 50. Kc3 Qxb4+ 51. Kxb4 Kb6 52.
Na3 Kc6 53. Nb1 d4 54. exd4 Kd5 55. Nc3+ Kxd4 1/2-1/2

[Event "MP Reykjavik Open 2011"]
[Site "Reykjavik ISL"]
[Date "2011.03.15"]
[Round "8.1"]
[White "Kuzubov, Yuriy"]
[Black "Chatalbashev, Boris"]
[Result "1/2-1/2"]
[WhiteElo "2627"]
[BlackElo "2602"]
[PlyCount "28"]
[EventDate "2011.03.09"]
[EventType "swiss"]
[EventRounds "9"]
[EventCountry "ISL"]
[Source "lmi"]
[SourceDate "2011.03.09"]

1. e4 d6 2. d4 Nf6 3. f3 c5 4. dxc5 Qa5+ 5. Nc3 Qxc5 6. Qd3 Nc6 7. Be3 Qa5 8.
Nge2 g6 9. Nd4 Bg7 10. Qb5 Qxb5 11. Bxb5 Bd7 12. O-O-O a6 13. Nxc6 Bxc6 14. Be2
O-O 1/2-1/2

[Event "MP Reykjavik Open 2011"]
[Site "Reykjavik ISL"]
[Date "2011.03.15"]
[Round "8.2"]
[White "Miton, Kamil"]
[Black "McShane, Luke J"]
[Result "1-0"]
[WhiteElo "2600"]
[BlackElo "2683"]
[PlyCount "115"]
[EventDate "2011.03.09"]
[EventType "swiss"]
[EventRounds "9"]
[EventCountry "ISL"]
[Source "lmi"]
[SourceDate "2011.03.09"]

1. e4 e5 2. Nf3 Nc6 3. Bb5 Nf6 4. d3 d6 5. O-O Bd7 6. c3 Be7 7. Nbd2 O-O 8. Re1
Re8 9. Nf1 Bf8 10. a4 h6 11. h3 Ne7 12. Bxd7 Qxd7 13. Ng3 Ng6 14. d4 c6 15. Be3
exd4 16. Bxd4 Nh7 17. c4 a5 18. Bc3 Qc7 19. Nd4 Ne5 20. b3 g6 21. Qd2 Nd7 22.
Re3 Nc5 23. Rae1 Qd8 24. Bb2 Nf6 25. Qc3 Ncd7 26. Qd2 Kh7 27. Qc2 Ng8 28. Rd1
Rc8 29. Nf3 Qc7 30. Red3 Ndf6 31. Qc3 Rcd8 32. Re3 Bg7 33. Qc2 Nd7 34. Bxg7
Kxg7 35. Nd4 Kh7 36. Qd2 Nc5 37. f4 Nf6 38. Rde1 Rd7 39. Qc3 Qd8 40. Nf3 Ng8
41. e5 Ree7 42. exd6 Rxd6 43. Rxe7 Nxe7 44. Qe5 Ne6 45. Ne4 Rd3 46. Nf6+ Kg7
47. Ng4+ Kh7 48. Qf6 Qf8 49. Nxh6 Rxf3 50. gxf3 Kxh6 51. Rxe6 Nc8 52. Re5 Kh7
53. f5 g5 54. Qxg5 Qd6 55. Qh4+ Kg7 56. f6+ Qxf6 57. Rg5+ Kf8 58. Rg8+ 1-0